| 000 | 00500 a2200169 4500 | ||
|---|---|---|---|
| 020 | _a013098471X | ||
| 040 |
_aDLC _bDLC |
||
| 082 | _a540 | ||
| 100 | _aHill, John William | ||
| 245 |
_aGeneral chemistry: an integrated approach _cJohn W. Hill, Ralph H. Petrucci |
||
| 250 | _a3rd | ||
| 260 |
_aUpper Saddle River, N.J. : _bPrentice Hall, _cc2002. |
||
| 300 |
_axxvii, 1103, 77, 3, 16 p. : _b ill. (some col.) ; _c26 cm. |
||
| 500 | _aIncludes Index | ||
| 650 | _aChemistry. | ||
| 942 |
_cBK _k540 HIL _2ddc |
||
| 999 |
_c4500 _d4500 |
||